000 00767nam a2200241 i 4500
001 bgj
100 1 _aCORKHILL, Alan.
245 1 0 _aGlückkonzeption im deutsches Roman von Wielands "Agathon" bis Goethes "Wahlverwandtschaften" /
_cAlan Corkhill.
260 _aSt. Ingbert :
_bRöhrig Universitätsverlag,
_c2003.
300 _a251 s. ;
_c21 cm.
490 1 _aSaarbrücker Beiträge zur Literaturwissenschaft
_vBd. 78
504 _aBibliogr. s. 229-247. Indeks.
650 9 _aLiteratura niemiecka
830 _aSaarbrücker Beiträge zur Literaturwissenschaft
020 _a3861103400
040 _cBPK
041 0 _ager
044 _aDEU
080 _a821.112.2
920 _a3-86110-340-0
942 _cKS
008 s gw f |000 0 ger
999 _c50501
_d50501
856 _uhttp://koha.tu.koszalin.pl/cgi-bin/koha/opac-detail.pl?biblionumber=50501
_yKatalog online BPK